Meet my neighbor, the chef (Record no. 209976)

MARC details
000 -LEADER
fixed length control field 00262nam a2200097Ia 4500
082 ## - DEWEY DECIMAL CLASSIFICATION NUMBER
Classification number mlyd-pbel-psiy
008 - FIXED-LENGTH DATA ELEMENTS--GENERAL INFORMATION
fixed length control field 210817s9999 xx 000 0 und d
100 ## - MAIN ENTRY--PERSONAL NAME
Personal name Crabtree, Marc New York, 2009
9 (RLIN) 63805
245 #0 - TITLE STATEMENT
Title Meet my neighbor, the chef
942 ## - ADDED ENTRY ELEMENTS
item type Books
Holdings
Withdrawn status Lost status Damaged status Not for loan Home library Current library Date acquired Cost, normal purchase price Total Checkouts Barcode Date last seen Price effective from item type
        Siyathuthuka PL (MMID-PLEMA-SIYA) Siyathuthuka PL (MMID-PLEMA-SIYA) 18.08.2021 78.95   33228022203416 18.08.2021 18.08.2021 Books